| 000 | 00381nam a22001697a 4500 | ||
|---|---|---|---|
| 003 | SGT | ||
| 020 | _a9789394027091 | ||
| 082 |
_a615.7. _bP23Y |
||
| 100 | _aYADAV SONIA | ||
| 245 | _aPHARMACEUTICAL CHEMISTRY | ||
| 250 | _a1st | ||
| 260 |
_aU. P _bV. M. BOOKS _c2023 |
||
| 300 | _a314 | ||
| 650 | _a CHEMISTRY | ||
| 653 | _aORGINIC, INORGINIC, CHEMISTRY | ||
| 942 |
_2ddc _cBK _02 |
||
| 999 |
_c23882 _d23882 |
||